[Event "VII Sunway Sitges Open 2020"]
[Site "Sitges"]
[Date "2020.12.13"]
[Round "1.11"]
[White "Plat, Vojtech"]
[Black "Papadiamandis, Elliot"]
[Result "1-0"]
[WhiteElo "2562"]
[BlackElo "2134"]
[Annotator "TA"]
[PlyCount "123"]
[EventDate "2020.12.13"]
[EventType "swiss"]
[EventCountry "ESP"]
[SourceTitle "playchess.com"]
[Source "ChessBase"]
[SourceQuality "1"]

{[%evp 15,123,51,50,28,52,48,52,35,64,46,74,0,19,0,22,0,44,55,37,39,74,76,72,64,92,87,95,100,154,138,149,121,195,191,434,345,351,338,356,349,343,356,324,352,338,355,358,354,362,348,330,307,322,314,320,319,334,246,399,392,462,462,428,316,395,396,531,433,670,661,631,622,691,693,700,452,1029,1003,1086,1081,985,755,755,724,731,704,683,648,931,847,756,697,1768,1772,2088,1915,3034,2647,29969,29975,29975,29976,29981,29982,29982,29983,29984,29985,29985,29986]} 1. d4 Nf6 2. c4 g6 3. g3 Bg7 4. Bg2 d5 5. cxd5 Nxd5 6. e4 Nb6 7. Ne2 O-O 8. O-O Bg4 9. f3 {D72: Fianchetto Grünfeld: 5 cxd5 Nxd5 6 e4 Nb6 (without Nf3).} Bc8 10. Nbc3 {[#]} a5 $146 ({Predecessor:} 10... e6 11. b3 N6d7 12. e5 c5 13. f4 Nc6 14. Be3 cxd4 15. Nxd4 Nxd4 16. Bxd4 f6 17. exf6 Nxf6 {1-0 (94) Ilincic,Z (2565)-Djuric,S (2520) Belgrade 1998}) 11. Bf4 {White is slightly better.} c6 12. Rc1 N8d7 13. e5 ({White should try} 13. b3 $16) 13... Nb8 {[%cal Bd7b8,Bb8a6,Ba6b4][%mdl 32]} 14. Ne4 Na6 15. Qd2 Nb4 16. a3 $1 $36 {[%cal Ra3b4][%mdl 2048] Black is under pressure.} N4d5 17. Bh6 f6 18. Bxg7 Kxg7 19. f4 Bf5 {Black is on the road to losing.} 20. Nc5 Qc8 21. Rfe1 Rf7 ({Black should play} 21... Ra7) 22. Nc3 $16 Nc7 23. Qf2 Rb8 {[#]} (23... Kg8 $16 {was called for.} 24. Bf3 h5) 24. d5 $1 {[%mdl 512]} cxd5 $2 (24... Ncxd5 25. Nxd5 Nxd5) (24... Nbxd5 25. Nxd5) 25. Nb3 Nca8 26. Nxd5 Qd8 27. Nxb6 Qxb6 28. Qxb6 Nxb6 29. e6 ({But not} 29. Nxa5 $6 fxe5 30. Rxe5 e6 $18) 29... Rff8 30. Rc7 (30. Nxa5 Rfc8 $16) 30... Rfe8 31. Nxa5 Na8 32. Rxb7 Rxb7 33. Nxb7 ({Don't play} 33. Bxb7 Nc7 $18) 33... Nc7 34. Nc5 Rd8 35. b4 {[%cal Bb2b4,Bb4b5,Bb5b6][%mdl 32]} Rd2 36. Bc6 h5 $2 (36... Rc2 {keeps fighting.} 37. Rd1 Kh6) 37. b5 $18 {[#] b6 is the strong threat.} Rb2 38. a4 {[%cal Ba3a4,Ba4a5][%mdl 32]} h4 39. Bf3 hxg3 40. hxg3 Rc2 41. Nb3 Rc4 (41... Rb2 $142 42. Nc5 Ne8) 42. b6 Na6 {and the idea ...Rb4 leaves Black hopeful.} 43. a5 Rb4 44. Re3 Bc2 45. Bd5 f5 (45... Ra4 $142 46. b7 Bxb3 47. Rxb3 Rxa5) 46. Rc3 Bd1 47. b7 Nb8 48. Rc8 Bxb3 49. Bxb3 ({Less strong is} 49. Rxb8 Bxd5 50. a6 Rb6 $18) 49... Rxb7 {[%mdl 4096] Endgame KRB-KRN} 50. Bc4 Rb4 51. Kf2 Kf6 52. Ke3 g5 53. Kd3 gxf4 54. gxf4 Rb7 55. Kd4 Rb4 56. Kc5 Rb7 57. a6 {White mates.} Nxa6+ 58. Bxa6 Rb2 59. Rf8+ Kg6 60. Bd3 Rf2 61. Bxf5+ Kh6 62. Be4 {Accuracy: White = 88%, Black = 41%.} 1-0

[Event "VII Sunway Sitges Open 2020"]
[Site "Sitges"]
[Date "2020.12.13"]
[Round "1.12"]
[White "Roque, Gaetan"]
[Black "Fier, Alexandr"]
[Result "0-1"]
[WhiteElo "2132"]
[BlackElo "2558"]
[Annotator "TA"]
[PlyCount "76"]
[EventDate "2020.12.13"]
[EventType "swiss"]
[EventCountry "ESP"]
[SourceTitle "playchess.com"]
[Source "ChessBase"]
[SourceQuality "1"]

{[%evp 13,76,44,29,13,11,18,33,-10,-8,0,20,0,0,1,8,-37,2,-14,-7,-8,34,32,44,34,33,26,57,-27,0,0,0,0,0,-2,0,0,0,-58,-68,-79,-88,-76,-97,-286,-283,-280,-261,-385,-377,-364,-364,-447,-439,-671,-537,-536,-513,-608,-614,-614,-610,-771,-739,-699,-557]} 1. d4 Nf6 2. c4 c5 3. d5 e6 4. Nc3 exd5 5. cxd5 d6 6. Nf3 g6 7. h3 Bg7 8. Bf4 {A61: Modern Benoni: Nf3 without early e4.} O-O 9. e3 Na6 10. Be2 {White is slightly better. 10.Bc4 is the modern continuation.} Nc7 11. O-O Re8 12. Qb3 Ne4 13. a4 b6 14. Rfd1 Bf5 (14... Bxc3 $5 15. bxc3 Qf6 $15) 15. Nd2 g5 {Threatens to win with ...Nxc3.} 16. Bh2 {[#]} Nxc3 $146 ({Predecessor:} 16... Nxd2 17. Rxd2 Rb8 18. Bb5 Re7 19. Qc4 Be5 20. Bc6 a6 21. Rf1 b5 22. axb5 axb5 {0-1 (45) Cebalo,M (2333)-Stefanov,E (2484) Zadar 2016}) 17. bxc3 Qf6 18. Rac1 Rad8 19. Bf3 Qg6 20. Bg4 ({Better is} 20. e4 $14 Bc8 21. g4) 20... Bd3 {...h5 is the strong threat.} 21. c4 Na6 {[%cal Bc7a6,Ba6b4,Bb4a2,Ba2c3][%mdl 32]} 22. Bh5 Qxh5 23. Qxd3 Nb4 24. Qf5 Na2 25. g4 (25. Ra1 $11 Nc3 26. Re1) 25... Qxh3 $15 26. Ra1 {[#]} Nc3 $1 {White must now prevent ...Rxe3!} 27. Re1 h5 $36 {[%mdl 2048] White is under strong pressure.} 28. Ra3 $2 {White does not recover from this.} (28. Qxg5 $17 Qxg4+ 29. Qxg4 hxg4 30. Kg2) 28... Qxg4+ $19 29. Qxg4 hxg4 30. e4 (30. Kg2 $142) 30... Bd4 31. Kf1 {[#]} f5 $1 32. a5 (32. exf5 Rxe1+) 32... f4 {Black is clearly winning.} 33. f3 (33. Bg1 $142 bxa5 34. f3) 33... gxf3 34. Nxf3 Nxe4 35. Rxe4 Rxe4 36. Nxg5 Re3 37. Ra2 f3 38. Ne6 {[#]} Rd3 $1 {[%mdl 512] Weighted Error Value: White=0.44/Black=0.10} 0-1

[Event "VII Sunway Sitges Open 2020"]
[Site "Sitges"]
[Date "2020.12.13"]
[Round "1.13"]
[White "Nevednichy, Vladislav"]
[Black "Villar Reymundo, Juan Antonio"]
[Result "1-0"]
[WhiteElo "2546"]
[BlackElo "2129"]
[Annotator "TA"]
[PlyCount "50"]
[EventDate "2020.12.13"]
[EventType "swiss"]
[EventCountry "ESP"]
[SourceTitle "playchess.com"]
[Source "ChessBase"]
[SourceQuality "1"]

{[%evp 10,50,24,25,24,28,35,27,30,22,24,28,25,17,27,21,98,63,155,144,205,166,152,163,159,132,145,128,157,158,146,148,236,237,226,206,234,216,246,229,705,685,1037]} 1. e4 c5 2. Nf3 Nc6 3. Bb5 g6 4. Bxc6 dxc6 5. d3 Bg7 6. O-O Qc7 {B31: Sicilian: 2...Nc6 3 Bb5 g6.} 7. h3 e5 8. a4 a5 {White has an edge.} 9. Be3 b6 10. Na3 Ne7 11. Nc4 Be6 12. Nfd2 {[#]} Rd8 $146 (12... O-O $11 {keeps the balance.}) ({Predecessor:} 12... O-O 13. f4 exf4 14. Bxf4 Qd8 15. Kh1 h6 16. Qf3 b5 17. Ne5 c4 18. Qe3 cxd3 19. cxd3 {0-1 (43) Zhou,Y (2433)-Tarun,K (2320) Daventry 2020}) 13. f4 f6 (13... O-O $14) 14. fxe5 $16 fxe5 (14... O-O $16) 15. Qe1 Nc8 16. Qh4 Nd6 17. Nxd6+ Qxd6 18. Rf2 h6 19. Raf1 Rd7 20. b3 Rf7 {[#]} (20... Qe7 $16 21. Qg3 g5) 21. Qg3 $1 $18 {[%cal Rg3g6]} g5 22. Rxf7 Bxf7 23. h4 Rg8 24. hxg5 Bf6 $2 (24... hxg5 25. Qxg5 Qe6) 25. Qf2 {[%mdl 64] [#] Pin} ({Not} 25. Rxf6 Qxf6 26. Qh3 Be6 $16) 25... Qd8 {Weighted Error Value: White=0.05/Black=0.29} 1-0

[Event "VII Sunway Sitges Open 2020"]
[Site "Sitges"]
[Date "2020.12.13"]
[Round "1.14"]
[White "Ruperez, Miguel"]
[Black "Krysa, Leandro"]
[Result "0-1"]
[WhiteElo "2124"]
[BlackElo "2531"]
[Annotator "TA"]
[PlyCount "106"]
[EventDate "2020.12.13"]
[EventType "swiss"]
[EventCountry "ESP"]
[SourceTitle "playchess.com"]
[Source "ChessBase"]
[SourceQuality "1"]

{[%evp 12,106,35,23,23,15,12,14,32,19,33,0,0,0,0,0,0,-24,0,0,0,0,0,0,0,0,0,0,0,0,0,0,0,0,0,-18,-20,-14,-10,-14,-17,-40,-39,-71,-86,-77,-75,-134,-133,-122,-124,-124,-132,-130,-120,-198,-197,-204,-203,-202,-189,-221,-205,-211,-196,-260,-258,-257,-262,-274,-258,-373,-368,-334,-329,-313,-323,-389,-386,-378,-379,-428,-369,-1150,-1064,-1247,-1204,-1218,-1102,-5193,-4987,-29958,-10459,-29963,-29964,-6634,-6195]} 1. d4 d5 2. c4 e6 3. Nc3 c6 4. e3 Nf6 5. Nf3 a6 6. b3 Bb4 7. Bd2 b6 {D45: Semi-Slav: 5 e3.} 8. Bd3 Bb7 9. O-O {Nxd5 is the strong threat.} dxc4 {The position is equal.} 10. bxc4 c5 {[#]} 11. Nb1 $146 ({Predecessor:} 11. Rb1 O-O 12. Qe2 Nbd7 13. Ne5 Qc7 14. f4 Rad8 15. Rfd1 {½-½ (15) Peralta,F (2584)-Santos Ruiz,M (2523) Sitges 2018}) 11... Nc6 12. Bxb4 Nxb4 13. Be2 $1 O-O 14. Nbd2 Qc7 15. a3 Nc6 16. dxc5 bxc5 17. Rb1 Rab8 18. Qc2 h6 19. Rb2 Ba8 20. Rfb1 Rfd8 21. Rxb8 Nxb8 22. Qb2 Nbd7 23. Nf1 Qa5 24. Ne5 Be4 {[#] Threatens to win with ...Nxe5.} 25. Nxd7 Rxd7 26. Rc1 Rb7 27. Qc3 Qxc3 {Black converts the advantage convincingly.} 28. Rxc3 Rb2 29. Bd3 (29. Bd1 $142) 29... Kf8 $17 30. f3 Bxd3 31. Rxd3 {[%mdl 4096] Endgame KRN-KRN} Ke7 32. e4 Nd7 33. Ne3 (33. f4 $17) 33... Ne5 34. Rc3 g5 35. Kf1 a5 36. Nd1 Rd2 37. Nf2 a4 38. g3 (38. Ke1 {was called for.} Rb2 39. Kf1) 38... Rd4 $19 39. Ke2 Rxc4 ({But not} 39... Nxc4 40. Ng4 $17) 40. Nd1 Kd6 41. Rxc4 (41. Ke3 {was necessary.}) 41... Nxc4 {KN-KN} 42. Nc3 Nxa3 43. Nxa4 Kc6 44. Nc3 c4 45. Ke3 Kc5 46. Na2 e5 47. f4 $2 {[#]} (47. Kd2) 47... gxf4+ 48. gxf4 Nc2+ 49. Kd2 Nb4 50. Nc1 exf4 51. Ke2 c3 {[%cal Bc4c3,Bc3c2][%mdl 32]} 52. Kf3 Kc4 53. Ke2 c2 {Weighted Error Value: White=0.57/Black=0.03} 0-1

[Event "VII Sunway Sitges Open 2020"]
[Site "Sitges"]
[Date "2020.12.13"]
[Round "1.15"]
[White "Lopez Martinez, Josep Manuel"]
[Black "Pozanco Romasanta, Marc"]
[Result "1-0"]
[WhiteElo "2542"]
[BlackElo "2116"]
[Annotator "TA"]
[PlyCount "33"]
[EventDate "2020.12.13"]
[EventType "swiss"]
[EventCountry "ESP"]
[SourceTitle "playchess.com"]
[Source "ChessBase"]
[SourceQuality "1"]

{[%evp 10,33,44,49,66,65,116,103,106,105,197,200,187,121,143,139,197,195,595,611,601,579,572,529,524,525]} 1. d4 Nf6 2. Nf3 e6 3. c4 c5 4. d5 exd5 5. cxd5 d6 {[#]} 6. e4 $1 {[%mdl 512]} a6 {E10: Blumenfeld Gambit.} (6... Nxe4 7. Qa4+) 7. Bd3 b5 (7... Bg4 $14) 8. O-O $16 Be7 {[#] White is better.} 9. a4 $146 ({Predecessor:} 9. h3 O-O 10. Re1 Re8 11. Nbd2 Nbd7 12. a4 Rb8 13. axb5 axb5 14. b3 Nf8 15. Nf1 {1-0 (41) Jakobsen,O (2388)-Nielsen,J (2128) Copenhagen 2004}) 9... c4 (9... b4 $16) 10. Bc2 $18 b4 {next ...b3 is good for Black.} 11. Qd4 (11. Nbd2 $18) 11... a5 12. Nbd2 Ng4 (12... Nbd7 $16) 13. Nxc4 Nd7 $2 (13... O-O 14. h3 Bf6) 14. Qxg7 {White is clearly winning.} Rf8 15. Qxg4 Ne5 16. Nfxe5 {[#] Qh5 is the strong threat.} Bxg4 17. Nxg4 {Accuracy: White = 86%, Black = 36%.} 1-0

[Event "VII Sunway Sitges Open 2020"]
[Site "Sitges"]
[Date "2020.12.13"]
[Round "1.16"]
[White "Altisen Palmada, Roberto"]
[Black "Mendonca, Leon Luke"]
[Result "0-1"]
[WhiteElo "2102"]
[BlackElo "2516"]
[Annotator "TA"]
[PlyCount "76"]
[EventDate "2020.12.13"]
[EventType "swiss"]
[EventCountry "ESP"]
[SourceTitle "playchess.com"]
[Source "ChessBase"]
[SourceQuality "1"]

{[%evp 15,76,-1,1,7,12,0,2,9,11,14,20,14,0,-15,-2,-55,-73,-71,-70,-74,-70,-64,-66,-77,-77,-60,-62,-94,-75,-148,-128,-167,-149,-139,-127,-249,-249,-249,-235,-228,-238,-396,-413,-410,-403,-491,-490,-495,-492,-484,-454,-539,-541,-597,-589,-1022,-919,-1120,-1086,-1167,-1102,-6261,-1757]} 1. e4 c5 2. Nf3 d6 3. d4 cxd4 4. Nxd4 Nf6 5. Nc3 a6 6. Bc4 e6 7. Bb3 b5 {7...Nbd7 is the fancy move.} 8. f3 Nbd7 9. Be3 {Bxe6! is the strong threat. B87: Sicilian Scheveningen/Najdorf: 6 Bc4, with early ...b5.} Nc5 10. O-O Bb7 11. Qe1 {The position is equal.} Be7 12. Qg3 O-O 13. Rad1 Nfd7 14. Kh1 {[#]} Rc8 $146 ({Predecessor:} 14... Re8 15. a3 Nxb3 16. cxb3 Rc8 17. Bf4 Nf6 18. Be3 Nd7 19. h4 Nf6 20. Bg5 Nh5 {½-½ (28) Krabbe,W-Papenfuss,I GER email 2008}) 15. Bf4 (15. a3 $11) 15... b4 $15 16. Na4 Nxa4 $1 ({Reject} 16... Nxb3 17. axb3 Nf6 18. Bd2 $11) 17. Bxa4 {[#]} Nc5 $1 {[%cal Rc5a4]} 18. Bb3 g6 19. Ne2 {[%cal Rf4d6]} a5 20. Bxd6 Bxd6 21. Rxd6 {Black keeps a firm grip on the game.} ({But not} 21. Qxd6 $2 Qxd6 22. Rxd6 Ba6 $19) 21... Qc7 {Threatens to win with ...a4.} 22. c3 {[#]} (22. Rd4 $142) 22... Ba6 $1 $17 {[%cal Ra6e2]} 23. Bd1 bxc3 24. bxc3 Rb8 25. Rd2 (25. Re1 $17) 25... Qxg3 $19 26. hxg3 Rfd8 27. Rd4 e5 28. Rd5 $2 (28. Rxd8+ {was the only defense.} Rxd8 29. c4) 28... Rxd5 29. exd5 Rb2 $1 {[%csl LRa2,LRe2]} 30. Re1 Nd3 {Black is clearly winning.} 31. Rf1 Rd2 ({Not} 31... Nc1 32. d6 $19) 32. d6 Kf8 33. d7 Ke7 34. Ba4 Rxe2 35. f4 e4 36. f5 Re1 37. f6+ Kd8 38. Rg1 e3 {Weighted Error Value: White=0.78/Black=0.04} (38... Nf2+ $142 39. Kh2 Ng4+ {[%mdl 64] Double Attack} 40. Kh3 Rxg1 41. Kxg4 e3) 0-1

[Event "VII Sunway Sitges Open 2020"]
[Site "Sitges"]
[Date "2020.12.13"]
[Round "1.17"]
[White "Cuenca Jimenez, Jose Fernando"]
[Black "Ezquerro Luque, Albert"]
[Result "1-0"]
[WhiteElo "2528"]
[BlackElo "2101"]
[Annotator "TA"]
[PlyCount "47"]
[EventDate "2020.12.13"]
[EventType "swiss"]
[EventCountry "ESP"]
[SourceTitle "playchess.com"]
[Source "ChessBase"]
[SourceQuality "1"]

{[%evp 9,47,55,102,113,134,116,157,146,147,151,153,148,157,160,158,160,166,140,160,139,156,145,144,144,172,162,250,254,489,489,489,487,480,482,479,500,663,662,641,634]} 1. d4 f5 2. Nc3 Nf6 3. Bg5 d5 4. e3 g6 5. h4 {[#]} h5 $146 ({Predecessor:} 5... Bg7 6. h5 Be6 7. h6 Bf8 8. f4 Bf7 9. Nf3 e6 10. Ne2 Be7 11. Nc1 Ng4 12. Qd2 {0-1 (31) Indjic,A (2554)-Lu,S (2533) Pune 2014}) 6. Nf3 {A80: Dutch Defence: Unusual White second moves.} Be6 7. Ne5 Bf7 8. Ne2 {White is clearly better.} Ne4 9. Nf4 Qd6 10. c3 c6 11. Qb3 b6 12. c4 $36 {[%mdl 2048] Keeping Black busy.} Nd7 13. Nxf7 Kxf7 14. cxd5 cxd5 15. Nxd5 e6 16. Nc3 Qb4 17. Bb5 Qxb3 (17... Ndf6 $142 18. O-O Qxb3 19. axb3 Nxc3 20. bxc3 a5) 18. axb3 $18 {[#] Threatens to win with Nxe4.} Bb4 $2 (18... Nxg5 {might work better.} 19. Bxd7 Nh7) 19. Bxd7 {White is clearly winning.} Nxc3 20. bxc3 Bxc3+ 21. Ke2 Bxa1 22. Rxa1 a5 23. Rc1 Ra7 24. Bb5 {Black did not feel at home in the position after the opening.  Weighted Error Value: White=0.02/Black=0.36} 1-0

[Event "VII Sunway Sitges Open 2020"]
[Site "Sitges"]
[Date "2020.12.13"]
[Round "1.18"]
[White "Silva, Pedro Gil Ferreira D"]
[Black "Checa, Nicolas"]
[Result "0-1"]
[WhiteElo "2056"]
[BlackElo "2527"]
[Annotator "TA"]
[PlyCount "132"]
[EventDate "2020.12.13"]
[EventType "swiss"]
[EventCountry "ESP"]
[SourceTitle "playchess.com"]
[Source "ChessBase"]
[SourceQuality "1"]

{[%evp 10,132,-18,-8,0,0,0,-7,-5,-5,0,0,0,0,0,0,0,0,0,0,0,0,0,0,-8,0,-3,-18,-8,-18,0,0,0,2,4,0,6,8,12,0,27,40,72,88,65,18,31,0,40,0,54,-7,45,-16,-16,-17,-17,-17,-17,-33,-33,-42,-30,-62,-56,-62,-29,-29,-29,-29,-22,-22,-19,-17,-16,-29,-16,-21,-18,-19,-14,-17,-3,-35,-31,-55,-55,-55,-51,-54,-54,-46,-47,-93,-83,-81,-81,-87,-35,-89,-69,-133,-132,-130,-135,-141,-126,-122,-131,-230,-235,-235,-220,-283,-283,-276,-276,-310,-309,-300,-281,-570,-571,-2440,-2015]} 1. e4 e6 2. d4 d5 3. Bd3 dxe4 4. Bxe4 Nf6 5. Bf3 c5 6. Ne2 Nc6 {[%cal Rc5d4] C01: French: Exchange Variation.} 7. Be3 cxd4 8. Nxd4 Ne5 {The position is equal.} 9. Nc3 a6 $1 {The main line 9...a6 scores better than 9...Bb4.} 10. Qe2 Nxf3+ 11. Qxf3 e5 12. Nb3 Bb4 13. O-O Bxc3 14. bxc3 O-O 15. Rad1 Qc7 16. Bg5 $1 {[%cal Rg5f6] [#]} e4 $146 ({Much worse is} 16... Bg4 $6 17. Qg3 $16) ({Predecessor:} 16... Ne8 17. Bd8 Bg4 18. Qxg4 Rxd8 19. Rxd8 Qxd8 20. Nc5 Nf6 21. Qb4 Qc7 22. c4 Rc8 {0-1 (41) Gevorgyan,M (2256)-Hoang,T (2435) Antalya 2019}) 17. Qg3 Qxg3 18. hxg3 Be6 19. Rfe1 Nd5 20. c4 Nb4 21. Rxe4 {Black must now prevent Be7.} Rfc8 22. Bd2 Nxc2 23. Rc1 {Hoping for Rxe6.} Bf5 24. Rf4 Bg6 25. c5 Rc7 26. Rc4 $1 Na3 27. Ra4 Nc2 28. Rc4 Na3 29. Ra4 Nb5 (29... Nc2 $11) 30. Nd4 (30. Bf4 $14 Rd7 31. Rb4) 30... Rd7 (30... Nxd4 $11 31. Rxd4 Rac8) 31. Be3 ({White should play} 31. Nxb5 $14 Rxd2 32. Nd6) 31... Nxd4 $11 32. Rxd4 Rxd4 33. Bxd4 {[%mdl 4096] Endgame KRB-KRB} Be4 34. Be5 Re8 35. Bd6 Bc6 36. Rc2 Re1+ 37. Kh2 f6 38. g4 Kf7 39. Kg3 Ra1 40. Rd2 Bb5 41. Rb2 Ke6 42. Kf4 Rc1 43. Rd2 Rc4+ 44. Kg3 Ra4 45. f3 f5 46. gxf5+ Kxf5 47. Rb2 g5 48. Rd2 Bc6 49. Re2 h5 50. Kf2 Ra3 51. Kg3 g4 52. Rf2 gxf3 53. gxf3 Ra4 (53... Rc3 $17) 54. Be7 ({Better is} 54. f4 $15) 54... Bd5 55. a3 (55. Rh2 $15) 55... Bc6 $1 $17 56. Ra2 Rf4 57. Rf2 Rc4 58. Rh2 Kg6 59. Rh3 {[#]} (59. Rg2 $17 {keeps fighting.}) 59... Ra4 $1 $19 60. Bd6 Rxa3 61. Kf4 {[#] Cut Off at move 61} a5 $1 62. Rg3+ Kf6 63. Be5+ Ke6 {Threatens to win with ...Ra4+.} 64. Bd6 b5 65. Kg5 $2 (65. Rg6+ {was called for.} Kd5 66. Be7) 65... Rxf3 66. Rxf3 Bxf3 {Weighted Error Value: White=0.15/Black=0.09} 0-1

[Event "VII Sunway Sitges Open 2020"]
[Site "Sitges"]
[Date "2020.12.13"]
[Round "1.19"]
[White "Bellahcene, Bilel"]
[Black "Llopis de Aysa, Manuel"]
[Result "1-0"]
[WhiteElo "2510"]
[BlackElo "2093"]
[Annotator "TA"]
[PlyCount "87"]
[EventDate "2020.12.13"]
[EventType "swiss"]
[EventCountry "ESP"]
[SourceTitle "playchess.com"]
[Source "ChessBase"]
[SourceQuality "1"]

{[%evp 20,87,18,12,34,20,55,54,85,79,86,85,81,92,91,84,90,96,89,69,51,63,97,99,92,91,99,83,120,120,116,117,117,110,106,119,106,98,153,153,156,159,201,196,247,246,286,223,208,204,239,220,217,230,308,307,281,288,470,448,528,483,475,473,463,450,402,395,390,386]} 1. e4 d6 2. d4 Nf6 3. Nc3 e5 4. Nf3 Nbd7 5. Bc4 Be7 6. O-O O-O 7. a4 c6 8. Re1 a5 9. h3 exd4 10. Nxd4 $1 {10.Nxd4 is better than 10.Qxd4.} Nc5 11. Ba2 Re8 {C41: Philidor Defence.} 12. Qf3 Bf8 13. Bg5 Ne6 {White is slightly better.} 14. Nxe6 Bxe6 {[#]} 15. e5 $1 dxe5 {[#]} 16. Ne4 $146 {[%cal Re4f6]} ({Predecessor:} 16. Rad1 Qc8 17. Bxf6 Bxa2 18. Bxe5 {½-½ (18) Kuipers,S (2420)-Orlov,A (2511) Netherlands 2014}) 16... Be7 17. Bxe6 fxe6 18. Rad1 Nd5 19. Bxe7 Qxe7 20. Qg3 Rf8 {White now steadily converts the win.} 21. Qxe5 Rf5 22. Qd6 {[#] aiming for Rxd5!} Qf7 23. Qg3 {Threatens to win with Nd6.} Qc7 24. Qxc7 Nxc7 25. Rd7 Rf7 26. Red1 {Black must now prevent Rxf7.} Nd5 27. Rxf7 Kxf7 $16 {[%mdl 4096] Endgame KRN-KRN} 28. c4 Nb6 (28... Nf6 $142 29. Nd6+ Ke7) 29. b3 Ke7 30. Nc5 Rb8 31. f4 h5 (31... Rc8 {was called for.} 32. g3 (32. Nxb7 Rc7 $16) 32... Rc7) 32. Kf2 $18 g6 33. Re1 Kd6 34. Re5 ({Don't play} 34. Nxe6 $6 Nd7 $16) 34... Nd7 35. Nxd7 Kxd7 36. Rxa5 {KR-KR} Rf8 37. Ke3 Kd6 38. Rg5 Rf6 $2 (38... Rg8 39. b4 Ra8) 39. b4 b6 40. a5 bxa5 41. Rxa5 Rf8 42. Ra6 Kc7 43. Ra7+ Kd6 44. Ke4 {Weighted Error Value: White=0.06/Black=0.26} 1-0

[Event "VII Sunway Sitges Open 2020"]
[Site "Sitges"]
[Date "2020.12.13"]
[Round "1.20"]
[White "Boixader Arbo, Xavier"]
[Black "Flom, Gabriel"]
[Result "0-1"]
[WhiteElo "2091"]
[BlackElo "2499"]
[Annotator "TA"]
[PlyCount "110"]
[EventDate "2020.12.13"]
[EventType "swiss"]
[EventCountry "ESP"]
[SourceTitle "playchess.com"]
[Source "ChessBase"]
[SourceQuality "1"]

{[%evp 19,110,33,60,60,64,61,73,64,70,74,68,61,60,61,88,23,81,68,93,89,100,71,112,129,168,85,103,48,122,117,178,80,88,80,102,103,81,64,64,-45,-39,-39,0,0,0,0,0,0,0,0,12,-74,-35,-505,-523,-469,-464,-531,-527,-449,-322,-302,-312,-284,-201,-195,-113,-316,-168,-143,-134,-155,-151,-531,-525,-525,-521,-593,-573,-1259,-1317,-1121,-1054,-5635,-5431,-29974,-29972,-29976,-29978,-29975,-29977,-29974,-29977]} 1. e4 g6 2. d4 Bg7 3. Be3 c6 4. Nc3 d6 5. Qd2 Nf6 6. h3 b5 7. Bd3 e5 8. dxe5 dxe5 9. Nf3 Nbd7 10. O-O O-O 11. a4 {B07: Pirc Defence: Miscellaneous Systems.} b4 12. Ne2 a5 13. c3 {White is better.} Qe7 14. cxb4 axb4 15. Qc2 c5 16. Nd2 Bb7 {[#]} 17. Nc4 $146 (17. a5 $16) ({Predecessor:} 17. f3 Rfc8 18. Bb5 Bc6 19. Bxc6 Rxc6 20. Nc4 Nf8 21. Rfd1 Qc7 22. a5 N6d7 23. Qa4 {1-0 (41) Ardelean,G (2483)-Barzanu,I (2224) Baile Govora 2017}) 17... Rac8 (17... Rfd8 $11 {keeps the balance.}) 18. a5 Qe6 19. Rfd1 Rfd8 20. Kh1 Nb8 21. Ng3 h5 22. Bg5 (22. Nb6 $18) 22... Rd4 $16 23. Kg1 (23. b3 $16) 23... Bf8 (23... b3 $14 24. Qxb3 Ba6) 24. b3 Be7 (24... Ba6 $16 {is a better defense.}) 25. Be3 (25. Ne2 $18 {is more deadly.}) 25... Rxd3 26. Qxd3 h4 27. Nf1 Bxe4 28. Qe2 Nd5 $1 29. Rdc1 (29. Nb6 $14 Nxb6 30. axb6) 29... Nc3 $15 30. Qb2 Nc6 31. Nb6 Rd8 32. Rxc3 bxc3 33. Qxc3 Nd4 34. Bxd4 exd4 35. Qc4 (35. Qe1 $1 $11) 35... Qf5 $40 {[%mdl 128] aiming for ...Qg5! Black attacks.} (35... Qc6 $5 {[%cal Re4g2]} 36. f3 Bf5 $17) 36. Rd1 $2 {[%mdl 8192] [#]} (36. Re1 $15 Bf8 37. Qe2) 36... Qg5 $1 $19 {[%csl Ge4][%cal Rg5g2][%mdl 512]} 37. g4 hxg3 38. Nxg3 Bd6 39. Qe2 {Black must now prevent h4.} Re8 40. Qg4 Qxg4 41. hxg4 Bf3 42. Ra1 d3 ({Don't do} 42... Bxg4 43. a6 $17) (42... Bf4 $19 {Strongly threatening ...Kg7.} 43. Nc4 Kg7) 43. Nf1 $2 {[#]} (43. Nc4 $17 {was the only chance.} Bf4 44. Nf1) 43... Kg7 ({Less strong is} 43... Bxg4 44. Nc4 $17) (43... Be5 $142 $1 {[%cal Re5a1]} 44. Rb1 Bd4) 44. Nd2 Bxg4 45. a6 Bf4 46. f3 $2 (46. Nbc4 $17 {is a better chance.}) 46... Bxd2 47. fxg4 {[%mdl 4096] Endgame KRB-KRN} Bc3 48. Rd1 {[#]} d2 $1 {...Re1+ is the strong threat.} 49. Rxd2 Bxd2 50. a7 Ba5 51. a8=Q Rxa8 52. Nxa8 Kf6 {Black mates.} 53. Kf2 Ke5 54. Ke3 f5 55. gxf5 gxf5 {Weighted Error Value: White=0.83/Black=0.23} 0-1